Complex variables and the Laplace transform for engineers (Record no. 13856)

000 -LEADER
fixed length control field 00606nam a22002051 4500
001 - CONTROL NUMBER
control field 13856
003 - CONTROL NUMBER IDENTIFIER
control field BD-DhUET
008 - FIXED-LENGTH DATA ELEMENTS--GENERAL INFORMATION
fixed length control field 840622s1961 nyua b 000 0 eng
040 ## - CATALOGING SOURCE
Original cataloging agency DLC
Transcribing agency DLC
Modifying agency BD-DhUET
082 00 - DEWEY DECIMAL CLASSIFICATION NUMBER
Classification number 517.862
Item number LEP/1961
100 ## - MAIN ENTRY--PERSONAL NAME
Personal name LePage, Wilbur R.
245 10 - TITLE STATEMENT
Title Complex variables and the Laplace transform for engineers
250 ## - EDITION STATEMENT
Edition statement 1st ed.
260 ## - PUBLICATION, DISTRIBUTION, ETC. (IMPRINT)
Place of publication, distribution, etc. Bombay
Name of publisher, distributor, etc. McGraw-Hill
Date of publication, distribution, etc. 1961
300 ## - PHYSICAL DESCRIPTION
Extent xvi, 475 p.
Other physical details ill.
Dimensions 24 cm.
490 ## - SERIES STATEMENT
Series statement International series in pure and applied mathematics
504 ## - BIBLIOGRAPHY, ETC. NOTE
Bibliography, etc Includes bibliographies
650 #0 - SUBJECT ADDED ENTRY--TOPICAL TERM
Topical term or geographic name as entry element Calculus - Complex variables
942 ## - ADDED ENTRY ELEMENTS (KOHA)
Koha item type General Book
Holdings
Piece designation (barcode) Shelving location Koha full call number Date acquired Location (home branch) Price effective from Koha date last seen Sublocation or collection (holding branch) Copy number Withdrawn status Lost status Source of classification or shelving scheme Not for loan Koha item type Damaged status Koha normalized classification for sorting
40116Circulation section517.862/LEP/19612015-03-05Central Library, BUET2015-03-052015-03-05Central Library, BUET1    General Book 517_862000000000000_LEP_1961
24385Circulation section517.862/LEP/19612015-03-05Central Library, BUET2015-03-052015-03-05Central Library, BUET2    General Book 517_862000000000000_LEP_1961
6374Circulation section517.862/LEP/19612015-03-07Central Library, BUET2015-03-072015-03-07Central Library, BUET3    General Book 517_862000000000000_LEP_1961
51027Circulation section517.862/LEP/19612015-03-07Central Library, BUET2015-03-072015-03-07Central Library, BUET4    General Book 517_862000000000000_LEP_1961
20963Circulation section517.862/LEP/19612015-03-07Central Library, BUET2015-03-072015-03-07Central Library, BUET5    General Book 517_862000000000000_LEP_1961
42659Circulation section517.862/LEP/19612015-03-07Central Library, BUET2015-03-072015-03-07Central Library, BUET6    General Book 517_862000000000000_LEP_1961
40115Circulation section517.862/LEP/19612015-03-07Central Library, BUET2015-03-072015-03-07Central Library, BUET7    General Book 517_862000000000000_LEP_1961
39671Circulation section517.862/LEP/19612015-03-07Central Library, BUET2015-03-072015-03-07Central Library, BUET8    General Book 517_862000000000000_LEP_1961
39670Circulation section517.862/LEP/19612015-03-07Central Library, BUET2015-03-072015-03-07Central Library, BUET9    General Book 517_862000000000000_LEP_1961
42660Circulation section517.862/LEP/19612015-03-07Central Library, BUET2015-03-072015-03-07Central Library, BUET10    General Book 517_862000000000000_LEP_1961
42661Circulation section517.862/LEP/19612015-03-09Central Library, BUET2015-03-092015-03-09Central Library, BUET11    General Book 517_862000000000000_LEP_1961
51026Circulation section517.862/LEP/19612015-03-09Central Library, BUET2015-03-092015-03-09Central Library, BUET12    General Book 517_862000000000000_LEP_1961
2039Circulation section517.862/LEP/19612015-05-03Central Library, BUET2015-05-032015-05-03Central Library, BUET13    General Book 517_862000000000000_LEP_1961
6375Circulation section517.862/LEP/19612015-05-03Central Library, BUET2015-05-032015-05-03Central Library, BUET14    General Book 517_862000000000000_LEP_1961
2041Circulation section517.862/LEP/19612015-05-03Central Library, BUET2015-05-032015-05-03Central Library, BUET15    General Book 517_862000000000000_LEP_1961
2040Circulation section517.862/LEP/19612015-05-03Central Library, BUET2015-05-032015-05-03Central Library, BUET16    General Book 517_862000000000000_LEP_1961